The major range problems and their solution : résumé of a report prepared in response to Senate resolution 289, together with letters of transmittal, table of contents, etc.: from "The western range, a great but neglected natural resource" /

Bibliographic Details
Corporate Author: United States. Forest Service
Other Authors: Clapp, Earle H. (Earle Hart), 1877-1970, Wallace, H. A., Silcox, F. A. (Ferdinand Augustus), 1882-1939
Format: Government Document Book
Language:English
Published: Washington : United States Government Printing Office, 1936.
Series:Senate document (United States. Congress. Senate) ; 74th Congress, 2nd session, no. 199, Separate no. 1.
Subjects:

MARC

Tag First Indicator Second Indicator Subfields
LEADER 00000cam a2200000 i 4500
001 in00004747421
008 830627s1936 dcuab f000 0 eng d
005 20231212191902.4
010 |a agr36000457  
035 |a (OCoLC)ocm09649197 
040 |a SOI  |b eng  |c SOI  |d AGL  |d OCLCQ  |d MTG  |d OCLCQ  |d COD  |d AGM  |d OCLCO  |d OCLCQ  |d TXA 
035 |a (OCoLC)9649197 
043 |a n-us--- 
050 4 |a SF85.3  |b .U62x 1936 
070 0 |a 1  |b F76Wea 
072 0 |a F130 
082 0 4 |a 634.9  |b Un58m 
086 0 |a A 13.29:1 
090 |a SF85  |b .U5 1936 
110 1 |a United States.  |b Forest Service. 
245 1 4 |a The major range problems and their solution :  |b résumé of a report prepared in response to Senate resolution 289, together with letters of transmittal, table of contents, etc.: from "The western range, a great but neglected natural resource" /  |c by the Forest Service, U.S. Department of Agriculture. 
260 |a Washington :  |b United States Government Printing Office,  |c 1936. 
300 |a xvi, 69 pages :  |b illustrations, maps ;  |c 23 cm 
336 |a text  |b txt  |2 rdacontent 
337 |a unmediated  |b n  |2 rdamedia 
338 |a volume  |b nc  |2 rdacarrier 
490 1 |a Senate document ;  |v no. 199--Separate no. 1 
500 |a "By Earle H. Clapp"--Caption, page 1. 
500 |a Letters of transmittal from Secretary of Agriculture H. A. Wallace and F.A. Silcox, Chief. Forest Service. 
650 0 |a Range management  |z United States. 
650 0 |a Rangelands  |z United States. 
650 3 |a Range management. 
650 3 |a Rangelands. 
700 1 |a Clapp, Earle H.  |q (Earle Hart),  |d 1877-1970. 
700 1 |a Wallace, H. A. 
700 1 |a Silcox, F. A.  |q (Ferdinand Augustus),  |d 1882-1939. 
700 1 |a Dutton, Walt L.,  |e former owner.  |5 TXA 
776 0 8 |i Online version:  |a United States. Forest Service.  |t Major range problems and their solution.  |d Washington, Govt. Print. Off., 1936  |w (OCoLC)692062164 
830 0 |a Senate document (United States. Congress. Senate) ;  |v 74th Congress, 2nd session, no. 199, Separate no. 1. 
994 |a Z0  |b TXA 
948 |h HELD BY TXA - 19 OTHER HOLDINGS 
999 f f |s 6f979ba5-7267-472d-a4f8-fd43d3f1b692  |i 5928a1dd-4f88-472e-9d1b-2b577c88699e  |t 0 
952 f f |p noncirc  |a Texas A&M University  |b College Station  |c Cushing Memorial Library & Archives  |d Cushing: Dykes (Does not check out)  |t 0  |e SF85 U5 1936  |g Separate No. 1  |h Library of Congress classification  |i unmediated -- volume  |m A14853070803 
998 f f |a SF85 U5 1936  |t 0  |l Cushing: Dykes (Does not check out)